| 000 | 00000nam 2200000zi 4500 |
| 001 | 9.899049 |
| 003 | CaOODSP |
| 005 | 20240909145935 |
| 006 | m o d f |
| 007 | cr |n||||||||| |
| 008 | 210422s1990 onca o f000 0|eng d |
| 040 | |aCaOODSP|beng|erda|cCaOODSP |
| 041 | 0 |aeng|afre |
| 043 | |an-cn--- |
| 086 | 1 |aCo22-481/1990-PDF |
| 245 | 04|aThe Department of Communications research program = |ble programme de recherche du Ministère des communications. |
| 246 | 11|aProgramme de recherche du Ministère des communications |
| 264 | 1|a[Ottawa] : |b[Department of Communications], |c[1990?] |
| 300 | |a1 online resource (4 unnumbered pages) : |bcolour illustrations |
| 336 | |atext|btxt|2rdacontent |
| 337 | |acomputer|bc|2rdamedia |
| 338 | |aonline resource|bcr|2rdacarrier |
| 500 | |aDigitized edition from print [produced by Innovation, Science and Economic Development Canada]. |
| 546 | |aText in English and French. |
| 610 | 10|aCanada. |bDepartment of Communications|xResearch. |
| 650 | 0|aInformation technology|zCanada. |
| 710 | 1 |aCanada. |bDepartment of Communications, |eissuing body. |
| 792 | |tThe Department of Communications research program = |efre|w(CaOODSP)9.942988 |
| 856 | 40|qPDF|s892 KB|uhttps://publications.gc.ca/collections/collection_2024/isde-ised/co22/Co22-481-1990.pdf |